Fr. Conceicao Rodrigues College of Engineering

Learning MySQL and MariaDB (Record no. 32659)

MARC details
000 -LEADER
fixed length control field 00310nam a2200157Ia 4500
082 ## - DEWEY DECIMAL CLASSIFICATION NUMBER
Classification number 5.133
Item number DYE
100 ## - MAIN ENTRY--PERSONAL NAME
Personal name Dyer/Russell J.T
245 ## - TITLE STATEMENT
Title Learning MySQL and MariaDB
260 ## - PUBLICATION, DISTRIBUTION, ETC.
Name of publisher, distributor, etc. Shroff
Date of publication, distribution, etc. 2015
366 ## - TRADE AVAILABILITY INFORMATION
Publishers's discount category 20
300 ## - PHYSICAL DESCRIPTION
Extent 381
546 ## - LANGUAGE NOTE
Language note ENGLISH
650 ## - SUBJECT ADDED ENTRY--TOPICAL TERM
Topical term or geographic name entry element Mysql
942 ## - ADDED ENTRY ELEMENTS (KOHA)
Koha item type BOOK
Holdings
Withdrawn status Lost status Damaged status Not for loan Collection Home library Current library Date acquired Source of acquisition Cost, normal purchase price Inventory number Total Checkouts Full call number Barcode Date last seen Date last checked out Cost, replacement price Price effective from Koha item type
        CRC Fr. Agnel's C.Rodrigues College of Engineering AGNEL TECHNICAL COLLEGE LIBRARY 17/03/2023 Shroff Publishers 600.00 03253 dt27.12.2018 1 5.133 DYE 25402 11/06/2025 10/02/2025 750.00   BOOK
        CRC Fr. Agnel's C.Rodrigues College of Engineering Fr. Agnel's C.Rodrigues College of Engineering 17/03/2023 Shroff Publishers 600.00 03253 dt27.12.2018   5.133 DYE 25403 17/03/2023   750.00   BOOK
        CRC Fr. Agnel's C.Rodrigues College of Engineering Fr. Agnel's C.Rodrigues- College of Engineering 17/03/2023 Shroff Publishers 600.00 03253 dt27.12.2018 1 5.133 DYE 25404 22/08/2023 12/06/2023 750.00   BOOK